|
|
|
|
| LEADER |
02549nam a22004575i 4500 |
| 001 |
978-3-319-13899-2 |
| 003 |
DE-He213 |
| 005 |
20151204185034.0 |
| 007 |
cr nn 008mamaa |
| 008 |
150326s2015 gw | s |||| 0|eng d |
| 020 |
|
|
|a 9783319138992
|9 978-3-319-13899-2
|
| 024 |
7 |
|
|a 10.1007/978-3-319-13899-2
|2 doi
|
| 040 |
|
|
|d GrThAP
|
| 050 |
|
4 |
|a RC346-429.2
|
| 072 |
|
7 |
|a MJN
|2 bicssc
|
| 072 |
|
7 |
|a MED056000
|2 bisacsh
|
| 082 |
0 |
4 |
|a 616.8
|2 23
|
| 100 |
1 |
|
|a Robbins, Lawrence.
|e author.
|
| 245 |
1 |
0 |
|a Advanced Headache Therapy
|h [electronic resource] :
|b Outpatient Strategies /
|c by Lawrence Robbins.
|
| 264 |
|
1 |
|a Cham :
|b Springer International Publishing :
|b Imprint: Springer,
|c 2015.
|
| 300 |
|
|
|a XIII, 208 p. 2 illus. in color.
|b online resource.
|
| 336 |
|
|
|a text
|b txt
|2 rdacontent
|
| 337 |
|
|
|a computer
|b c
|2 rdamedia
|
| 338 |
|
|
|a online resource
|b cr
|2 rdacarrier
|
| 347 |
|
|
|a text file
|b PDF
|2 rda
|
| 505 |
0 |
|
|a Chapter 1. Migraine and Headache: General -- Chapter 2. Refractory(Difficult to Treat) Headache -- Chapter 3. Child and Adolescent Headaches -- Chapter 4. Cluster Headache. Chapter 5. Psychological Comorbidities -- Chapter 6. Case Studies -- Chapter 7. Miscellaneous.
|
| 520 |
|
|
|a This cutting-edge guide covers treating migraine and cluster headaches while providing practical clinical advice on approaching challenging patients of all ages. Unique features include: - Extensive clinical pearls not available elsewhere - Psychiatric comorbidities are explored in depth - Extensive case studies explain how to use the vast array of medications - Outpatient headache treatment for all ages - Guidelines and blueprints for treating complex headache patients - The immune system and headache Authored by a renowned expert on refractory headaches, Advanced Headache Therapy is an invaluable guide for physicians and patients.
|
| 650 |
|
0 |
|a Medicine.
|
| 650 |
|
0 |
|a Neurology.
|
| 650 |
|
0 |
|a Pain medicine.
|
| 650 |
|
0 |
|a Pharmacotherapy.
|
| 650 |
1 |
4 |
|a Medicine & Public Health.
|
| 650 |
2 |
4 |
|a Neurology.
|
| 650 |
2 |
4 |
|a Pain Medicine.
|
| 650 |
2 |
4 |
|a Pharmacotherapy.
|
| 710 |
2 |
|
|a SpringerLink (Online service)
|
| 773 |
0 |
|
|t Springer eBooks
|
| 776 |
0 |
8 |
|i Printed edition:
|z 9783319138985
|
| 856 |
4 |
0 |
|u http://dx.doi.org/10.1007/978-3-319-13899-2
|z Full Text via HEAL-Link
|
| 912 |
|
|
|a ZDB-2-SME
|
| 950 |
|
|
|a Medicine (Springer-11650)
|